000 00765nam a22002291i 4500
001 000030518
003 RuMoIPM
005 20260507111307.0
008 041129s1981----ur | c rus
040 _aRuMoIPM
_brus
_ercr
041 0 _arus
080 _a51(075.8)
080 _a512.64
080 _a517
245 1 _aЛинейная алгебра и основы математического анализа
260 _c1981
300 _a464 с.
_bил.
700 1 _aЕфимов, Александр Васильевич
_eред.
700 1 _aДемидович, Борис Павлович
_eред.
773 1 8 _dМосква: Наука, 1981-
_tСборник задач по математике для втузов
_w000030517
942 _cBK
999 _c30518
_d30518